| 000 | 00547nam a2200121Ia 4500 | ||
|---|---|---|---|
| 008 | 220615s9999||||xx |||||||||||||| ||und|| | ||
| 100 | _aRoy, Arup||Bhattacharya, Jayanta | ||
| 245 | 0 | _aNanotechnology in Industrial Wastewater Treatment | |
| 546 | _aEnglish[eng] | ||
| 650 | _aEnvironmental Sciences||Wastewater | ||
| 856 | _uhttps://library.oapen.org/bitstream/20.500.12657/25811/1/1004278.pdf||https://library.oapen.org/bitstream/20.500.12657/25811/1/1004278.pdf||https://library.oapen.org/bitstream/20.500.12657/25811/1/1004278.pdf | ||
| 942 | _cEB | ||
| 999 |
_c11193 _d11193 |
||